Guess these footballers by their first name #2 - Statistics

General Stats
  • This quiz has been taken 80 times
  • The average score is 16 of 26
Answer Stats
Hint Answer % Correct
Kingsley Coman
90%
Wayne Rooney
90%
Pierre-Emerick Aubameyang
89%
Thorgan Hazard
84%
Marc-Andre Ter Stegen
84%
Kai Havertz
83%
Edinson Cavani
81%
Kevin-Prince Boateng
80%
Radamel Falcao
80%
Bastian Schweinsteiger
73%
Arda Turan
67%
Lothar Matthaus
66%
Dimitar Berbatov
64%
Lev Yashin
63%
Ferenc Puskas
60%
Edwin Van der Sar
60%
Mateo Kovacic
56%
Davinson Sanchez
56%
Keisuke Honda
54%
Yannick Carrasco
51%
Bernd Leno
51%
Claude Makelele
44%
Adel Taarabt
34%
Kwadwo Asamoah
21%
Hal Robson-Kanu
14%
Willi Orban
11%
No matching quizzes found
Score Distribution
Percent of People with Each Score
Percentile by Number Answered
Your Score History
You have not taken this quiz